| 000 | 00606nam a2200181 a 4500 | ||
|---|---|---|---|
| 005 | 20140310183415.0 | ||
| 008 | 070914s19uu xx 00 eng d | ||
| 020 | _a1-86470-121-8 | ||
| 050 |
_aTR 140 _b.Sch39 2005 |
||
| 100 | _aSchwartzman, Arnold | ||
| 245 |
_aA persistence of vision : _bArnold Schwartzman profiles his work in graphic design and film./ _cArnold Schwartzman. |
||
| 260 |
_aAustralia : _bImages Publishing Group, _c2005. |
||
| 300 |
_a127 p. : _bill. col. ; _c24 cm. |
||
| 521 | _aMA | ||
| 650 |
_aMotion pictures _xProduction and direction. |
||
| 942 |
_cBK _2lcc _kFOR |
||
| 999 |
_c22557 _d22557 |
||